Az üzleti terv készítésének gyakorlata, az alkalmazott tervezési módszer, annak értékelése egy Szolgáltató Vállalat éves üzleti tervezésének bemutatásán keresztül

Bibliographic Details
Main Author: Dancsok Márta
Other Authors: Németh Dr. Krisztina
Format: Final Paper
Kulcsszavak:tervezési
módszertan
bemutatása
Online Access:http://dolgozattar.uni-bge.hu/16927

MARC

LEADER 00000nta a2200000 i 4500
001 dolg16927
005 20180517082036.0
008 180517suuuu hu o 000 hun d
040 |a BGE Dolgozattár Repozitórium  |b hun 
041 |a hu 
100 1 |a Dancsok Márta 
245 1 3 |a Az üzleti terv készítésének gyakorlata, az alkalmazott tervezési módszer, annak értékelése egy Szolgáltató Vállalat éves üzleti tervezésének bemutatásán keresztül  |c Dancsok Márta  |h [elektronikus dokumentum] 
246 1 1 |a Az üzleti terv készítésének gyakorlata, az alkalmazott tervezési módszer, annak értékelése egy Szolgáltató Vállalat éves üzleti tervezésének bemutatásán keresztül 
516 |a Final_paper 
695 |a tervezési 
695 |a módszertan 
695 |a bemutatása 
700 1 |a Németh Dr. Krisztina  |e ths 
856 4 0 |u http://dolgozattar.uni-bge.hu/16927/1/Titkositasi_kerelem_Dancsok_M%C3%A1rta_CIMV15.pdf  |z Dokumentum-elérés 
856 4 0 |u http://dolgozattar.uni-bge.hu/16927/2/Szakdolgozat_Dancsok_M%C3%A1rta_CIMV15_pdf.pdf  |z Dokumentum-elérés 
856 4 0 |u http://dolgozattar.uni-bge.hu/16927/3/Nyilatkozat_Dancsok_M%C3%A1rta_CIMV15.pdf  |z Dokumentum-elérés